Martin Heidegger /
Colección de guías introductorias a la obra de varios de los pensadores más relevantes de las ciencias sociales, cada una de las cuales consiste en un análisis contextualizado de las ideas claves y fuentes, significación, motivaciones e impacto del teórico en cuestión sobre otros científicos sociale...
Kaydedildi:
| Yazar: | |
|---|---|
| Materyal Türü: | Kitap |
| Dil: | İngilizce |
| Baskı/Yayın Bilgisi: |
Londres, Inglaterra :
Routledge,
2002, c2002
|
| Seri Bilgileri: | (Routledge Critical Thinkers: Essential Guides for Literary Studies)
|
| Konular: | |
| Etiketler: |
Etiket eklenmemiş, İlk siz ekleyin!
|
MARC
| LEADER | 00000nam^a2200000^a^4500 | ||
|---|---|---|---|
| 001 | 000154414 | ||
| 005 | 20250521000000.0 | ||
| 009 | 20260310100354.508 | ||
| 020 | |a 0-415-22929-4 | ||
| 037 | |a Acervo ITESO - Biblioteca | ||
| 041 | |a ING | ||
| 082 | |a 300. 1 |b ROU V. 5 | ||
| 100 | |a Clark, Timothy |e (autor) | ||
| 240 | 1 | 1 | |a [Routledge Critical Thinkers: Essential Guides for Literary Studies] |
| 245 | 1 | 0 | |a Martin Heidegger / |c T. Clark ; pref. de Robert Eaglestone. |
| 264 | 4 | |a Londres, Inglaterra : |b Routledge, |c 2002, c2002 | |
| 300 | |a XIV, 184 p. | ||
| 336 | |a texto |b txt |2 rdacontenido | ||
| 337 | |a sin mediación |b n |2 rdamedio | ||
| 338 | |a volumen |b nc |2 rdasoporte | ||
| 440 | 1 | |a (Routledge Critical Thinkers: Essential Guides for Literary Studies) | |
| 520 | |a Colección de guías introductorias a la obra de varios de los pensadores más relevantes de las ciencias sociales, cada una de las cuales consiste en un análisis contextualizado de las ideas claves y fuentes, significación, motivaciones e impacto del teórico en cuestión sobre otros científicos sociales. Dedicado al filósofo alemán Martin Heidegger (1889-1976), el presente tomo aborda entre otros conceptos y temas los límites de la teoría y del pensamiento occidental, la historia del ser, el origen y la muerte del arte, el lenguaje, la poética y la política y el involucramiento del pensador con el nazismo. | ||
| 649 | |a XX | ||
| 650 | |a Filósofos Alemanes | ||
| 650 | |a Poética | ||
| 650 | |a Literatura - |x Teoría | ||
| 650 | |a Estética | ||
| 650 | |a Arte | ||
| 650 | |a Ontología | ||
| 650 | |a Fenomenología | ||
| 650 | |a Filosofía del Siglo XX | ||
| 650 | |a Intelectuales y Estado - |z Alemania - |x Historia | ||
| 650 | |a Nazismo - |z Alemania - |x Historia | ||
| 650 | |a Nazismo | ||
| 650 | |a Política - |z Alemania - |x Historia | ||
| 650 | |a Alemania - |x Historia - |y Tercer Reich, 1933-1945 | ||
| 650 | |a Alemania - |x Historia - |y Siglo XX | ||
| 650 | |a Ciencias Sociales | ||
| 650 | |a Freud, Sigmund | ||
| 910 | |a Fondo General | ||
| 920 | |a Impresos - Libros | ||
| 930 | |a Colección General | ||
| 905 | |a 101 | ||
| 901 | |a 0500085805 |b IT1 |c ACC |u 20250521 | ||
| 902 | |a https://opac.biblio.iteso.mx/vufind/Record/000154414 | ||